000 00621nam a2200277Ia 4500
005 20260324143940.0
008 008 260324s9999 xx 000 0 eng d
020 _a9780203992463
037 _aEBOOK
040 _aCRL
040 _beng
040 _cCRL
041 _2eng
041 _aeng
084 _qCRL
100 _a Lexus
_91217514
245 0 _aRussian at your Fingertips
260 _bTaylor and Francis
260 _c1990
365 _a
365 _b300
856 _uhttp://www.taylorfrancis.com/books/9780203992463
942 _cEBOOK
999 _c1823540
_d1823540